1488 1624 1945 1569 1204 1887 1688 1063 1962 1685 1678 1374 1476 1301 1406 1521 1617 1803 1476 1715 1572 1286 1333 1718 1335 1019 1780 1439 1424 1096 1872 1725 1762 1050 1898 1918 1368 1730 1553 1997 1851 1900 1410 1886 1079 1665 1599 1440 1916 1598 1257 1283 1718 1326 1460 1158 1338 1941 1397 1582 1808 1429 1636 1767 1360 1365 1880 1242 1661 1869 1891 1432 1085 1976 1198 1961 1804 1413 1258 1992 1544 1235 1004 1021 1045 1788 1918 1163 1593 1487 1697 1798 1837 1941 1390 1714 1289 1358 1426 BCNSPRNW ULIB Ver.6.0+V

เปลี่ยนเป็นภาษาไทย

Change to English
 แสดงรายละเอียดบรรณานุกรม
  กลับหน้าหลัก

Brief Record : Get Marc (ISO 2709) : E-mail record : QR code < ปิดหน้าต่าง
LEADER : 00000nam 2200000uu 4500
001    13399114556
003     ULIB
008    110627s2549||||th 000 0 tha d
020    9789749804740
090    นว.^bบ293อ
100 0  บาร์เกอร์, ไคลฟ์
245 00 อบารัต : วันแห่งเวทมนตร์ คืนแห่งสงคราม /^cซอย ยูริ
250    พิมพ์ครั้งที่ 1
260    กรุงเทพฯ :^bแพรวเยาวชน,^c2549
300    581 หน้า
710 1  แพรวเยาวชน
945    ^p545^l0^i020518
995    ทศพร
999 ^a ใช้งานได้ทุกระบบ
รายการนี้ยังไม่มีแท็ก
คุณยังไม่ได้ล็อกอิน คุณสามารถมีกิจกรรมร่วมกับเว็บไซต์ได้ แต่ต้องล็อกอินก่อน ::
  ล็อกอิน

รายการสื่อสารสนเทศ

ลำดับที่ ประเภท เลขเรียก/บาร์โค้ด สถานที่ สถานะ
1. นวนิยาย
นวนิยาย
นว. บ293อ ฉ.1 
  Barcode: 020518
ห้องสมุดวิทยาเขตสวรรค์ประชารักษ์
►นวนิยาย
บนชั้น
  ขอยืม

BibComment


ยังไม่เคยถูกคอมเมนท์

คอมเมนท์ทรัพยากรรายการนี้
  คอมเมนท์: อบารัต วันแห่งเว..


 Copyright 2026. Bcnsprnw @Library